| 000 | 01103cad a22002415a 4500 | ||
|---|---|---|---|
| 001 | E148553 | ||
| 008 | 091001s2009 xxk f s000 0 eng d | ||
| 020 | _a9780755959938 | ||
| 035 | _a(Sirsi) u148553 | ||
| 041 | 0 | _aeng | |
| 050 | 0 | 4 | _a333.9164 $2 18 |
| 110 | 2 |
_aScotland _bScottish Government _95344 |
|
| 245 | 0 | 0 |
_aScotland's first marine bill _h[electronic resource] |
| 260 |
_aEdinburgh _bScottish Government _c2009 |
||
| 505 | 2 | _aForeword -- What will the Scottish Marine Bill do? -- How will the Scottish Marine Bill functions fit with wider responsibilities? -- Marine planning -- Marine licensing -- Marine conservation -- Conservation of seals -- Marine Scotland -- Future work -- Contacts | |
| 520 | _aSummarises the main elements of the proposed Scottish Marine Bill. | ||
| 521 | _aIntroductory | ||
| 590 | _aKA | ||
| 651 | 4 |
_aScotland _y1999- |
|
| 690 | _aPROPERTY-RURAL AND NATURAL ASSETS-MARINE RESOURCES-MARINE RESOURCE MANAGEMENT | ||
| 856 | 4 | 0 |
_uhttps://www.scotland.gov.uk/Publications/2009/09/28115722/0 _zView the item free of charge at www.scotland.gov.uk... |
| 942 | _n0 | ||
| 999 |
_c110097 _d110097 |
||